[Event "Titled Tuesday intern op 02nd Apr Early"]
[Site "Chess.com INT"]
[Date "2024.04.02"]
[Round "4"]
[White "Ambartsumova, Karina"]
[Black "Haug, Havard"]
[Result "0-1"]
[WhiteElo "2406"]
[BlackElo "2334"]
[PlyCount "70"]
[EventDate "2024.04.02"]
[EventType "swiss (blitz)"]
[EventRounds "11"]
[EventCountry "USA"]
[SourceTitle "CB15_2024"]
[SourceDate "2024.04.10"]
[SourceVersion "1"]
[SourceVersionDate "2024.04.10"]
[SourceQuality "1"]

1. d4 d5 2. c4 e6 3. Nc3 Nf6 4. cxd5 exd5 5. Bg5 Be7 6. e3 c6 7. Bd3 h6 8. Bh4 0-0 9. Nf3 a5 10. 0-0 Na6 11. a3 Bg4 12. h3 Bxf3 13. Qxf3 Nc7 14. Qd1 Ne6 15. Qc2 Rc8 16. Na4 Nd7 17. Bg3 b5 18. Nc3 Nb6 19. a4 b4 20. Ne2 c5 21. dxc5 Nxc5 22. Bf5 Ne6 23. Qb3 Rc4 24. Bxe6 fxe6 25. Nd4 Qd7 26. Rfd1 Rfc8 27. Be5 Qe8 28. Qd3 Nd7 29. Bg3 Nc5 30. Qe2 Bf6 31. Nb5 Ne4 32. Qg4 Nc3 33. bxc3 Rxg4 34. Nd6 Rgc4 35. Nxe8 Rxe8 0-1

[Event "Titled Tuesday intern op 16th Jan Early"]
[Site "Chess.com INT"]
[Date "2024.01.16"]
[Round "1"]
[White "Gabdushev, Ruslan"]
[Black "Haug, Havard"]
[Result "1-0"]
[WhiteElo "2256"]
[BlackElo "2308"]
[PlyCount "103"]
[EventDate "2024.01.16"]
[EventType "swiss (blitz)"]
[EventRounds "11"]
[EventCountry "USA"]
[SourceTitle "CB04_2024"]
[SourceDate "2023.10.16"]
[SourceVersion "1"]
[SourceVersionDate "2023.10.16"]
[SourceQuality "1"]

1. b3 b6 2. Bb2 Bb7 3. c4 e6 4. e3 f5 5. Nf3 Nf6 6. Be2 Be7 7. 0-0 0-0 8. d4 h6 9. Nc3 d6 10. Nd2 Nbd7 11. Bf3 Bxf3 12. Qxf3 Qe8 13. a4 c5 14. a5 e5 15. Qxf5 exd4 16. exd4 cxd4 17. Qe6+ Kh8 18. Nb5 Nc5 19. Qh3 Qg6 20. Bxd4 Nce4 21. Nf3 Nh5 22. Be3 Rf7 23. axb6 a6 24. b7 Rb8 25. Rxa6 Rxb7 26. Ne5 Qf5 27. Nxf7+ Qxf7 28. Qc8+ Bf8 29. Nxd6 Nxd6 30. Rxd6 Rxb3 31. Rd8 Kg8 32. Bc5 Kh7 33. Rxf8 Qg6 34. Qf5 Qxf5 35. Rxf5 Nf6 36. Bd4 Ne8 37. c5 Rb4 38. Rd1 Kg6 39. Re5 Nf6 40. Re6 Kf7 41. Rb6 Rc4 42. Bxf6 gxf6 43. c6 Ke6 44. g3 Kf5 45. Rd2 Kg4 46. Kg2 h5 47. Rb5 f5 48. Rdd5 h4 49. h3+ Kg5 50. Rxf5+ Kg6 51. Rfc5 Kf6 52. Rxc4 1-0

[Event "Titled Tuesday intern op 12th Dec Early"]
[Site "Chess.com INT"]
[Date "2023.12.12"]
[Round "3"]
[White "Haug, Havard"]
[Black "Xiong, Jeffery"]
[Result "0-1"]
[WhiteElo "2309"]
[BlackElo "2659"]
[PlyCount "82"]
[EventDate "2023.12.12"]
[EventType "swiss (blitz)"]
[EventRounds "11"]
[EventCountry "USA"]
[SourceTitle "CB51_2023"]
[SourceDate "2023.12.20"]
[SourceVersion "1"]
[SourceVersionDate "2023.12.20"]
[SourceQuality "1"]

1. e4 c5 2. c3 e6 3. d4 cxd4 4. cxd4 d5 5. exd5 exd5 6. Nf3 Nc6 7. Bd3 Bg4 8. 0-0 Bb4 9. a3 Ba5 10. h3 Bh5 11. Be2 Nge7 12. Ne5 Bxe2 13. Qxe2 0-0 14. Qg4 Qc8 15. Nxc6 Nxc6 16. Qh5 Nxd4 17. Qxd5 Ne2+ 18. Kh1 Nxc1 19. Qxa5 Nb3 20. Qd5 Nxa1 21. Nc3 Rd8 22. Qg5 Nb3 23. Ne4 Qc6 24. Ng3 h6 25. Qg4 Qg6 26. Qb4 Qb6 27. Qg4 Nd4 28. Nh5 Qg6 29. Qh4 Nf5 30. Nf4 Nxh4 31. Nxg6 Nxg6 32. Kh2 Rd2 33. Kh1 Rxb2 34. Kh2 Rd8 35. Kh1 Rdd2 36. Kh2 Rxf2 37. Kh1 Rxf1+ 38. Kh2 Rff2 39. Kh1 Rxg2 40. a4 Nh4 41. a5 Rb1# 0-1